[Event "Miedzyzdroje OB Seniors 23rd"]
[Site "Miedzyzdroje"]
[Date "2015.06.23"]
[Round "7"]
[White "Baumbach, Friedrich"]
[Black "Barwich, Alfred"]
[Result "1-0"]
[WhiteElo "2213"]
[BlackElo "2022"]
[PlyCount "49"]
[EventDate "2015.06.17"]
[EventType "swiss"]
[EventRounds "8"]
[EventCountry "POL"]
[SourceTitle "EXT 2018"]
[Source "ChessBase"]
[SourceDate "2017.10.13"]
[SourceVersion "1"]
[SourceVersionDate "2017.10.13"]
[SourceQuality "1"]

1. d4 c5 2. d5 d6 3. Nf3 g6 4. e4 Bg7 5. Be2 Nd7 6. 0-0 Ngf6 7. Nc3 0-0 8. Bf4 Ne8 9. Qd2 Ne5 10. Nxe5 dxe5 11. Be3 b6 12. Bh6 Nd6 13. Bxg7 Kxg7 14. f4 exf4 15. Qxf4 f6 16. e5 Nf7 17. e6 Nd6 18. Rf3 Bb7 19. Bd3 Rh8 20. Rh3 g5 21. Rg3 Rc8 22. Rxg5+ fxg5 23. Qxg5+ Kf8 24. Rf1+ Ke8 25. Qh5+ 1-0

[Event "Miedzyzdroje OB Seniors 23rd"]
[Site "Miedzyzdroje"]
[Date "2015.06.21"]
[Round "4"]
[White "Schmidt, Hans Juergen"]
[Black "Barwich, Alfred"]
[Result "1/2-1/2"]
[WhiteElo "1883"]
[BlackElo "2022"]
[PlyCount "121"]
[EventDate "2015.06.17"]
[EventType "swiss"]
[EventRounds "8"]
[EventCountry "POL"]
[SourceTitle "EXT 2018"]
[Source "ChessBase"]
[SourceDate "2017.10.13"]
[SourceVersion "1"]
[SourceVersionDate "2017.10.13"]
[SourceQuality "1"]

1. e4 c6 2. d4 d5 3. Nc3 dxe4 4. Nxe4 Bf5 5. Ng3 Bg6 6. Nf3 h6 7. Ne5 Bh7 8. c3 e6 9. Be2 Nd7 10. f4 Ngf6 11. 0-0 c5 12. Bf3 Qc7 13. Be3 Be7 14. Qa4 0-0 15. Rad1 a6 16. Qc4 Nb6 17. Qe2 Nbd5 18. Bd2 cxd4 19. cxd4 Qb6 20. Bc1 Rac8 21. Bxd5 Nxd5 22. Nd7 Qa5 23. Nxf8 Bxf8 24. f5 exf5 25. Nxf5 Qxa2 26. Qg4 Bxf5 27. Qxf5 Ne7 28. Qg4 f5 29. Qg3 Qe6 30. Rfe1 Qd6 31. Qe3 Rd8 32. Qe6+ Qxe6 33. Rxe6 Kf7 34. Rb6 Rd7 35. Rb3 Nd5 36. Rf3 g6 37. g4 Ne7 38. d5 Rxd5 39. Rxd5 Nxd5 40. gxf5 g5 41. Rd3 Bc5+ 42. Kg2 Ne7 43. Kh3 Kf6 44. Kg4 b6 45. h4 gxh4 46. Bxh6 Ke5 47. Bg7+ Ke4 48. Rf3 Nd5 49. f6 Bd4 50. f7 Bxg7 51. f8Q Bxf8 52. Rxf8 Kd4 53. Kxh4 a5 54. Kg4 a4 55. Kf3 Kc4 56. Ke4 Nb4 57. Rf3 Na6 58. Rc3+ Kb4 59. Kd3 Nc5+ 60. Kc2 b5 61. Rh3 1/2-1/2

[Event "Berlin Lichtenberger op 13th"]
[Site "Berlin"]
[Date "2014.08.24"]
[Round "9"]
[White "Barwich, Alfred"]
[Black "Flick, Antoine"]
[Result "0-1"]
[WhiteElo "2041"]
[BlackElo "2035"]
[PlyCount "76"]
[EventDate "2014.08.16"]
[EventType "swiss"]
[EventRounds "9"]
[EventCountry "GER"]
[SourceTitle "CBM 161 Extra"]
[Source "ChessBase"]
[SourceDate "2014.08.29"]
[SourceVersion "1"]
[SourceVersionDate "2014.08.29"]
[SourceQuality "1"]

1. d4 Nf6 2. Nf3 g6 3. e3 Bg7 4. Bd3 d5 5. 0-0 0-0 6. Nbd2 Nbd7 7. e4 dxe4 8. Nxe4 Nxe4 9. Bxe4 Nf6 10. Bd3 c5 11. dxc5 Qc7 12. Re1 Qxc5 13. c3 Qc7 14. Be3 e5 15. Qc2 Re8 16. Bb5 Bf5 17. Qb3 Be6 18. Qc2 Bf5 19. Qb3 Rec8 20. h3 a6 21. Bf1 Be6 22. Qc2 Bf5 23. Qe2 Nd5 24. Bd2 Re8 25. Rad1 Nb6 26. Bc1 Rac8 27. g4 Bd7 28. b3 e4 29. Nd4 Qxc3 30. Bb2 Qc7 31. Bg2 Qf4 32. a4 a5 33. Qd2 Qxd2 34. Rxd2 f5 35. Rde2 Nd5 36. gxf5 gxf5 37. Nb5 Bxb5 38. axb5 Nf4 0-1

[Event "Berlin Lichtenberger op 13th"]
[Site "Berlin"]
[Date "2014.08.23"]
[Round "8"]
[White "Schulz, Hartmut"]
[Black "Barwich, Alfred"]
[Result "1/2-1/2"]
[WhiteElo "2106"]
[BlackElo "2041"]
[PlyCount "110"]
[EventDate "2014.08.16"]
[EventType "swiss"]
[EventRounds "9"]
[EventCountry "GER"]
[SourceTitle "CBM 161 Extra"]
[Source "ChessBase"]
[SourceDate "2014.08.29"]
[SourceVersion "1"]
[SourceVersionDate "2014.08.29"]
[SourceQuality "1"]

1. d4 Nf6 2. c4 e6 3. Nf3 d5 4. Nc3 c6 5. Bg5 Be7 6. e3 Ne4 7. Bxe7 Qxe7 8. Rc1 f5 9. Bd3 0-0 10. 0-0 Nd7 11. Qe2 Ndf6 12. Ne5 Nxc3 13. Rxc3 Nd7 14. Nxd7 Bxd7 15. f4 Rae8 16. c5 b5 17. a4 a6 18. axb5 axb5 19. Ra3 Ra8 20. Rfa1 Rxa3 21. Rxa3 Bc8 22. b4 g5 23. g3 g4 24. Qa2 Rf7 25. Ra8 Qb7 26. Qa5 Qc7 27. Qa6 Rf8 28. Ra7 Qb8 29. Qa5 Bb7 30. Qb6 Rf7 31. Bxb5 Qc8 32. Bf1 Kg7 33. b5 Ba8 34. Rxf7+ Kxf7 35. bxc6 Bxc6 36. Qa7+ Qd7 37. Qxd7+ Bxd7 38. Kf2 Ke7 39. Ke1 Kd8 40. Kd2 Kc7 41. Kc3 h6 42. Kb4 Bc8 43. Ka5 Bb7 44. Bb5 Bc8 45. Be8 Kd8 46. Ba4 Kc7 47. Bb5 Bb7 48. Be8 Bc8 49. c6 Kd8 50. Bd7 Bxd7 51. cxd7 Kxd7 52. Kb6 Kd6 53. Kb7 Kd7 54. Kb6 Kd6 55. Kb7 Kd7 1/2-1/2

[Event "Berlin Lichtenberger op 13th"]
[Site "Berlin"]
[Date "2014.08.19"]
[Round "4"]
[White "Engelhardt, Erhard"]
[Black "Barwich, Alfred"]
[Result "0-1"]
[WhiteElo "1799"]
[BlackElo "2041"]
[PlyCount "126"]
[EventDate "2014.08.16"]
[EventType "swiss"]
[EventRounds "9"]
[EventCountry "GER"]
[SourceTitle "CBM 161 Extra"]
[Source "ChessBase"]
[SourceDate "2014.08.29"]
[SourceVersion "1"]
[SourceVersionDate "2014.08.29"]
[SourceQuality "1"]

1. f4 Nf6 2. b3 g6 3. Bb2 Bg7 4. e3 0-0 5. Nf3 d6 6. Be2 b6 7. 0-0 Bb7 8. c4 Nbd7 9. Qc2 Nc5 10. Nc3 a5 11. Rab1 e6 12. h3 Qe7 13. Rfe1 e5 14. fxe5 dxe5 15. Ba3 Rfd8 16. e4 Bf8 17. Nd5 Nxd5 18. exd5 f5 19. Bf1 e4 20. Nd4 Qf7 21. Bb2 Bg7 22. Rbd1 Re8 23. a3 Bc8 24. b4 axb4 25. axb4 Ra2 26. Qb1 Rxb2 27. Qxb2 Qf6 28. bxc5 Qxd4+ 29. Qxd4 Bxd4+ 30. Kh1 Bxc5 31. d4 Bb4 32. Re3 f4 33. Rb3 Ba5 34. Be2 Bd7 35. Ra1 Bd2 36. Ra7 f3 37. gxf3 exf3 38. Bf1 Bf4 39. Rxf3 Re4 40. Rd3 Bf5 41. Rd1 Re3 42. Bg2 Bxh3 43. Bxh3 Rxh3+ 44. Kg2 Rc3 45. Ra4 Bd6 46. c5 bxc5 47. dxc5 Rxc5 48. Re4 Kg7 49. Kf3 h5 50. Re6 Rc3+ 51. Ke4 Rg3 52. Rh1 Rg4+ 53. Kd3 h4 54. Re4 Rg3+ 55. Re3 g5 56. Rh3 Rg1 57. Ke2 Kg6 58. Re6+ Kh5 59. Re8 Rg2+ 60. Kf1 Rd2 61. Rh8+ Kg4 62. Re3 Rxd5 63. Rhe8 Bf4 0-1

[Event "Berlin Lichtenberger op 13th"]
[Site "Berlin"]
[Date "2014.08.18"]
[Round "3"]
[White "Barwich, Alfred"]
[Black "Gelemerov, Yane"]
[Result "0-1"]
[WhiteElo "2041"]
[BlackElo "2090"]
[PlyCount "64"]
[EventDate "2014.08.16"]
[EventType "swiss"]
[EventRounds "9"]
[EventCountry "GER"]
[SourceTitle "CBM 161 Extra"]
[Source "ChessBase"]
[SourceDate "2014.08.29"]
[SourceVersion "1"]
[SourceVersionDate "2014.08.29"]
[SourceQuality "1"]

1. d4 Nf6 2. Nf3 b6 3. e3 Bb7 4. Bd3 e6 5. 0-0 Be7 6. Qe2 d5 7. Nbd2 0-0 8. c3 Nbd7 9. Ne5 Nxe5 10. dxe5 Nd7 11. f4 f5 12. exf6 Bxf6 13. Qh5 g6 14. Bxg6 hxg6 15. Qxg6+ Bg7 16. Qxe6+ Rf7 17. Nf3 Qf6 18. Ng5 Qxe6 19. Nxe6 Nf6 20. Rd1 Re8 21. Nxg7 Rxg7 22. g3 Ng4 23. Re1 Rge7 24. a4 a6 25. b4 Kf7 26. Ra3 Re4 27. Ra2 Kf6 28. Rae2 Bc6 29. Ra2 Kf5 30. a5 bxa5 31. Rxa5 Bb5 32. Ra2 Nxe3 0-1

[Event "Berlin-ch Seniors op 30th"]
[Site "Berlin"]
[Date "2014.02.06"]
[Round "8"]
[White "Burger, Heinrich"]
[Black "Barwich, Alfred"]
[Result "1-0"]
[WhiteElo "1961"]
[BlackElo "1893"]
[PlyCount "72"]
[EventDate "2014.01.30"]
[EventType "swiss"]
[EventRounds "9"]
[EventCountry "GER"]
[SourceTitle "EXT 2023"]
[Source "ChessBase"]
[SourceDate "2022.10.05"]
[SourceVersion "1"]
[SourceVersionDate "2022.10.05"]
[SourceQuality "1"]

1. d4 Nf6 2. c4 c5 3. d5 b5 4. Nd2 d6 5. e4 bxc4 6. Bxc4 g6 7. Ne2 Bg7 8. Nc3 0-0 9. 0-0 Ba6 10. Qe2 Bxc4 11. Nxc4 Nbd7 12. Bd2 Rb8 13. b3 Nb6 14. Na5 Qd7 15. Nc6 Rbe8 16. Rad1 Ng4 17. f4 f5 18. exf5 gxf5 19. Qf3 Nf6 20. Rfe1 Ne4 21. Nxe4 fxe4 22. Qxe4 Nc8 23. Qe6+ Qxe6 24. Rxe6 Rf6 25. Re2 Rf5 26. Bc1 Kf7 27. g4 Rf6 28. f5 h5 29. h3 hxg4 30. hxg4 Rh8 31. Rf1 Rh3 32. g5 Rd3 33. gxf6 Bxf6 34. Rd2 Rxd2 35. Bxd2 Nb6 36. Nxa7 Nxd5 1-0

[Event "Berlin-ch Seniors op 30th"]
[Site "Berlin"]
[Date "2014.02.04"]
[Round "6"]
[White "Simon, Ralf Axel"]
[Black "Barwich, Alfred"]
[Result "1-0"]
[WhiteElo "2190"]
[BlackElo "1893"]
[PlyCount "65"]
[EventDate "2014.01.30"]
[EventType "swiss"]
[EventRounds "9"]
[EventCountry "GER"]
[SourceTitle "EXT 2018"]
[Source "ChessBase"]
[SourceDate "2017.10.13"]
[SourceVersion "1"]
[SourceVersionDate "2017.10.13"]
[SourceQuality "1"]

1. Nf3 Nf6 2. c4 g6 3. Nc3 Bg7 4. e4 d6 5. d4 0-0 6. Be2 b6 7. Be3 Nbd7 8. 0-0 Bb7 9. Nd2 c6 10. b4 c5 11. bxc5 bxc5 12. d5 Ne8 13. Qc2 Qa5 14. Rfc1 Nc7 15. Nb3 Qa6 16. a4 Ne5 17. Nb5 Rac8 18. a5 Ba8 19. Nxc7 Rxc7 20. Rab1 Qc8 21. h3 f5 22. f4 Nf7 23. exf5 gxf5 24. Bd3 Nh8 25. Re1 Bb7 26. Nd2 Ba6 27. Nf3 Qd8 28. Ng5 Bc8 29. Rb8 Rb7 30. Rxb7 Bxb7 31. Ne6 Qxa5 32. Bd2 Qa4 33. Qxa4 1-0

[Event "Berlin-ch Seniors op 30th"]
[Site "Berlin"]
[Date "2014.02.03"]
[Round "5"]
[White "Barwich, Alfred"]
[Black "Fleischer, Matthias"]
[Result "1-0"]
[WhiteElo "1893"]
[BlackElo "1757"]
[PlyCount "49"]
[EventDate "2014.01.30"]
[EventType "swiss"]
[EventRounds "9"]
[EventCountry "GER"]
[SourceTitle "EXT 2018"]
[Source "ChessBase"]
[SourceDate "2017.10.13"]
[SourceVersion "1"]
[SourceVersionDate "2017.10.13"]
[SourceQuality "1"]

1. d4 d5 2. c4 e6 3. Nc3 Nf6 4. Bg5 Bb4 5. e3 0-0 6. a3 Bxc3+ 7. bxc3 c5 8. cxd5 Qa5 9. Ne2 Nxd5 10. Qd2 Nc6 11. e4 Nf6 12. f3 cxd4 13. cxd4 Nd7 14. Qxa5 Nxa5 15. Rb1 Re8 16. Nc3 a6 17. Bd2 Nc6 18. Be3 b5 19. Be2 Bb7 20. Kf2 Ne7 21. Rhc1 Rac8 22. Na2 Rxc1 23. Rxc1 Rc8 24. Bf4 Rxc1 25. Nxc1 1-0

[Event "Berlin-ch Seniors op 30th"]
[Site "Berlin"]
[Date "2014.01.30"]
[Round "1"]
[White "Roloff, Karsten"]
[Black "Barwich, Alfred"]
[Result "0-1"]
[WhiteElo "1547"]
[BlackElo "1893"]
[PlyCount "74"]
[EventDate "2014.01.30"]
[EventType "swiss"]
[EventRounds "9"]
[EventCountry "GER"]
[SourceTitle "EXT 2018"]
[Source "ChessBase"]
[SourceDate "2017.10.13"]
[SourceVersion "1"]
[SourceVersionDate "2017.10.13"]
[SourceQuality "1"]

1. d4 c5 2. d5 e5 3. dxe6 fxe6 4. Nf3 Nf6 5. Bg5 Be7 6. e3 0-0 7. Be2 Nc6 8. 0-0 a6 9. a4 d5 10. c3 e5 11. h3 Be6 12. Nbd2 h6 13. Bh4 e4 14. Nh2 Nh7 15. Bxe7 Qxe7 16. Bg4 Nf6 17. Bxe6+ Qxe6 18. b4 cxb4 19. cxb4 Nxb4 20. Qb3 a5 21. f3 exf3 22. Nhxf3 Rae8 23. Rae1 Ne4 24. Nxe4 dxe4 25. Nd4 Qxb3 26. Nxb3 Nd3 27. Rxf8+ Rxf8 28. Rf1 Rxf1+ 29. Kxf1 Nb2 30. Nxa5 b6 31. Nb3 Nxa4 32. Ke1 Nc5 33. Nxc5 bxc5 34. Kd2 Kf7 35. Kc3 Ke6 36. Kc4 Kd6 37. h4 h5 0-1

[Event "Berlin-ch Seniors op 28th"]
[Site "Berlin"]
[Date "2012.02.01"]
[Round "6.6"]
[White "Badestein, Hartmut"]
[Black "Barwich, Alfred"]
[Result "0-1"]
[WhiteElo "1958"]
[BlackElo "1874"]
[PlyCount "136"]
[EventDate "2012.01.27"]
[EventType "swiss"]
[EventRounds "9"]
[EventCountry "GER"]
[SourceTitle "EXT 2022"]
[Source "ChessBase"]
[SourceDate "2021.10.06"]
[SourceVersion "1"]
[SourceVersionDate "2021.10.06"]
[SourceQuality "1"]

1. e4 d6 2. d4 g6 3. Nc3 Bg7 4. Nf3 c6 5. Be2 Nd7 6. 0-0 e5 7. Be3 Ne7 8. Qd2 0-0 9. Bh6 f6 10. Bxg7 Kxg7 11. Rad1 Qc7 12. h3 b5 13. Bd3 a6 14. Ne2 c5 15. c3 Bb7 16. Ng3 Rfd8 17. Bb1 Nf8 18. d5 Bc8 19. Nh4 g5 20. Nhf5+ Nxf5 21. exf5 Qf7 22. Qe2 Nd7 23. h4 gxh4 24. Ne4 Nb6 25. Qg4+ Kh8 26. Qxh4 Bxf5 27. f4 Qg6 28. fxe5 Rg8 29. Rd2 Nc4 30. Re2 fxe5 31. Rf3 Raf8 32. Rg3 Qf7 33. Rxg8+ Qxg8 34. Nf6 Qg6 35. Bxf5 Qxf5 36. Rf2 Qb1+ 37. Kh2 Qg6 38. Ne4 Rxf2 39. Qxf2 Kg7 40. Qe2 Nxb2 41. Nxc5 Qh6+ 42. Kg1 dxc5 43. Qxe5+ Qf6 44. Qc7+ Kg6 45. Qxc5 Nc4 46. Qc8 Qb6+ 47. Kh1 Qd6 48. Qg4+ Kf6 49. Qh4+ Kg7 50. Qg5+ Kf8 51. Qf5+ Kg7 52. Qg5+ Qg6 53. Qe7+ Kh6 54. Qf8+ Kg5 55. Qd8+ Kf5 56. Qd7+ Ke5 57. Kh2 Qh5+ 58. Kg3 Qg5+ 59. Kh2 Qf5 60. Qc6 Qh5+ 61. Kg1 Qg6 62. Qd7 Nd6 63. Qc6 Ne4 64. Qd7 Nxc3 65. Qe7+ Kd4 66. d6 Ne2+ 67. Kf2 Nf4 68. g3 Ne6 0-1

[Event "Niedersachsen-ch Seniors op 14th"]
[Site "Bad Bevensen"]
[Date "2011.07.06"]
[Round "2"]
[White "Krueger, Erich"]
[Black "Barwich, Alfred"]
[Result "1/2-1/2"]
[WhiteElo "2060"]
[BlackElo "1851"]
[PlyCount "63"]
[EventDate "2011.07.05"]
[EventType "swiss"]
[EventRounds "9"]
[EventCountry "GER"]
[SourceTitle "EXT 2012"]
[Source "ChessBase"]
[SourceDate "2011.11.24"]
[SourceVersion "1"]
[SourceVersionDate "2011.11.24"]
[SourceQuality "1"]

1. d4 d5 2. c4 c6 3. Nf3 Nf6 4. Nc3 e6 5. e3 Bd6 6. Qc2 Nbd7 7. b3 Qe7 8. Bb2 b6 9. cxd5 exd5 10. Bd3 0-0 11. 0-0 Re8 12. Rae1 Ne4 13. Ne2 Bb7 14. Ng3 g6 15. Nd2 f5 16. Nf3 h5 17. Be2 Rac8 18. Nxe4 fxe4 19. Nd2 Qh4 20. f4 Nf6 21. Nf3 Qg4 22. Ne5 Qf5 23. h3 Rc7 24. g4 hxg4 25. hxg4 Qc8 26. Rf2 Rg7 27. Rg2 Ree7 28. g5 Ne8 29. Ng4 Rc7 30. Nh6+ Kf8 31. Rf1 Rh7 32. Qd2 1/2-1/2

[Event "Berlin-ch Seniors op 27th"]
[Site "Berlin"]
[Date "2011.02.05"]
[Round "8"]
[White "Barwich, Alfred"]
[Black "Herrmann, Eberhard"]
[Result "0-1"]
[WhiteElo "1854"]
[BlackElo "1746"]
[PlyCount "60"]
[EventDate "2011.01.29"]
[EventType "swiss"]
[EventRounds "9"]
[EventCountry "GER"]
[SourceTitle "EXT 2012"]
[Source "ChessBase"]
[SourceDate "2011.11.24"]
[SourceVersion "1"]
[SourceVersionDate "2011.11.24"]
[SourceQuality "1"]

1. Nf3 d5 2. g3 Bf5 3. d3 Nf6 4. Bg2 e6 5. Nbd2 Be7 6. Nh4 Bg4 7. h3 Bh5 8. g4 Nfd7 9. Nhf3 Bg6 10. e4 c6 11. Qe2 Na6 12. a3 Qc7 13. Nf1 Nac5 14. Ng3 Bd6 15. e5 Nxe5 16. Nh4 Nexd3+ 17. cxd3 Nxd3+ 18. Kf1 Bxg3 19. Nxg6 Nxf2 20. Nxh8 Nxh1 21. Qf3 Nf2 22. Be3 Ne4 23. Ke2 Be5 24. Rb1 Bf6 25. Bf4 e5 26. Bh2 0-0-0 27. Qf5+ Kb8 28. Bxe4 dxe4 29. g5 Qd6 30. gxf6 Qd3+ 0-1

[Event "Berlin-ch Seniors op 27th"]
[Site "Berlin"]
[Date "2011.02.04"]
[Round "7"]
[White "Troeger, Rainer"]
[Black "Barwich, Alfred"]
[Result "1-0"]
[WhiteElo "2048"]
[BlackElo "1854"]
[PlyCount "70"]
[EventDate "2011.01.29"]
[EventType "swiss"]
[EventRounds "9"]
[EventCountry "GER"]
[SourceTitle "EXT 2012"]
[Source "ChessBase"]
[SourceDate "2011.11.24"]
[SourceVersion "1"]
[SourceVersionDate "2011.11.24"]
[SourceQuality "1"]

1. Nf3 d5 2. g3 Nf6 3. d3 c6 4. Nbd2 Nbd7 5. Bg2 e5 6. e4 dxe4 7. dxe4 b5 8. 0-0 Qc7 9. b3 Bb7 10. Qe2 Bc5 11. Bb2 0-0 12. a3 a5 13. Rfc1 Rfe8 14. h3 Ba6 15. c3 b4 16. c4 Bb7 17. Ne1 bxa3 18. Bxa3 Bd4 19. Rab1 c5 20. Bb2 Nf8 21. Bxd4 exd4 22. Nd3 N6d7 23. f4 Ra6 24. Re1 f5 25. e5 Bxg2 26. Qxg2 Nb6 27. g4 fxg4 28. Ne4 Nbd7 29. hxg4 Ng6 30. Nd6 Re7 31. Qd5+ Kf8 32. Re2 Rc6 33. Rh2 Nb6 34. Qf3 Qd7 35. Nb5 Nc8 1-0

[Event "Berlin-ch Seniors op 27th"]
[Site "Berlin"]
[Date "2011.02.02"]
[Round "5"]
[White "Schueler, Wolfgang"]
[Black "Barwich, Alfred"]
[Result "1/2-1/2"]
[WhiteElo "1762"]
[BlackElo "1854"]
[PlyCount "65"]
[EventDate "2011.01.29"]
[EventType "swiss"]
[EventRounds "9"]
[EventCountry "GER"]
[SourceTitle "EXT 2012"]
[Source "ChessBase"]
[SourceDate "2011.11.24"]
[SourceVersion "1"]
[SourceVersionDate "2011.11.24"]
[SourceQuality "1"]

1. e4 d6 2. Nf3 Nf6 3. Nc3 e5 4. d4 Nbd7 5. Bc4 Be7 6. dxe5 Nxe5 7. Nxe5 dxe5 8. Qxd8+ Bxd8 9. 0-0 c6 10. a4 Be7 11. f3 0-0 12. Nd1 Bd7 13. Be3 Rfd8 14. c3 Be8 15. b4 b6 16. Nb2 Kh8 17. Be2 Nd7 18. Rfd1 Nf8 19. Kf1 f6 20. a5 b5 21. Rxd8 Bxd8 22. Nd3 Ne6 23. Nc5 Nc7 24. Rd1 Be7 25. Nd3 Ne6 26. Rd2 a6 27. Bb6 Kg8 28. Bd1 Kf8 29. Bb3 Bf7 30. Bxe6 Bxe6 31. Nc5 Kf7 32. Kf2 g5 33. Ke3 1/2-1/2

[Event "GER-ch Seniors 22nd"]
[Site "Berlin"]
[Date "2010.08.24"]
[Round "9"]
[White "Barwich, Alfred"]
[Black "Hesselbarth, Karlheinz"]
[Result "1-0"]
[WhiteElo "1811"]
[BlackElo "1606"]
[PlyCount "121"]
[EventDate "2010.08.16"]
[EventType "swiss"]
[EventRounds "9"]
[EventCountry "GER"]
[SourceTitle "CBM 138 Extra"]
[Source "ChessBase"]
[SourceDate "2010.10.29"]
[SourceVersion "1"]
[SourceVersionDate "2010.10.29"]
[SourceQuality "1"]

1. d4 d5 2. c4 e6 3. Nc3 c5 4. cxd5 cxd4 5. Qxd4 Nc6 6. Qd1 exd5 7. Qxd5 Be6 8. Qxd8+ Rxd8 9. Bd2 Nf6 10. e3 Be7 11. a3 0-0 12. b4 Ne5 13. Nf3 Nc4 14. Nd4 Nxd2 15. Kxd2 Ng4 16. Ke1 Bf6 17. Rd1 Rfe8 18. Bb5 Bxd4 19. Rxd4 Rxd4 20. exd4 Bd7+ 21. Be2 Rc8 22. Bxg4 Bxg4 23. Kd2 Rd8 24. Ke3 f6 25. f3 Bh5 26. d5 Kf8 27. Kd4 Bf7 28. Re1 a6 29. Re3 b6 30. f4 Rd7 31. g4 h6 32. h4 Rd8 33. g5 hxg5 34. hxg5 Rd7 35. Rg3 Rd8 36. g6 Bg8 37. Re3 Rd7 38. f5 Re7 39. Rd3 Rd7 40. Ke4 Ke8 41. Na4 Rd6 42. Rd4 Kd7 43. Nc3 Kd8 44. Rc4 Kd7 45. Kd4 Kd8 46. a4 Kd7 47. a5 Kd8 48. axb6 Rxb6 49. Na4 Rd6 50. Rc5 Ke7 51. Nc3 Kd7 52. Ra5 Ke8 53. b5 axb5 54. Ra8+ Rd8 55. Rxd8+ Kxd8 56. Nxb5 Ke7 57. Kc5 Kd7 58. Nc3 Kc7 59. Ne4 Kd7 60. Ng3 Ke7 61. Nh5 1-0

[Event "GER-ch Seniors 22nd"]
[Site "Berlin"]
[Date "2010.08.21"]
[Round "6"]
[White "Vogel, Wilfrid"]
[Black "Barwich, Alfred"]
[Result "0-1"]
[WhiteElo "1681"]
[BlackElo "1811"]
[PlyCount "110"]
[EventDate "2010.08.16"]
[EventType "swiss"]
[EventRounds "9"]
[EventCountry "GER"]
[SourceTitle "CBM 138 Extra"]
[Source "ChessBase"]
[SourceDate "2010.10.29"]
[SourceVersion "1"]
[SourceVersionDate "2010.10.29"]
[SourceQuality "1"]

1. d4 c5 2. d5 e5 3. c4 d6 4. Nc3 Be7 5. e4 Bg5 6. Nf3 Bxc1 7. Rxc1 Nf6 8. h3 0-0 9. Bd3 a6 10. a3 Nbd7 11. 0-0 Nb6 12. Nh2 Qc7 13. f4 exf4 14. Rxf4 Nbd7 15. Rf1 Ne5 16. Nf3 Re8 17. Nxe5 Rxe5 18. Qf3 Bd7 19. Rce1 Rb8 20. Qg3 Kh8 21. Kh1 b5 22. Re2 b4 23. axb4 Rxb4 24. Ra1 Bc8 25. Qf2 Qe7 26. Qf3 Ne8 27. Rae1 Bd7 28. Nd1 Rb8 29. Ne3 g6 30. Ra1 Nc7 31. Ng4 Bxg4 32. hxg4 Kg7 33. g3 h5 34. Rh2 Rh8 35. Kg2 hxg4 36. Qxg4 Rg5 37. Qf3 Rxh2+ 38. Kxh2 Qe5 39. Rf1 f6 40. Rf2 Ne8 41. Kg2 Kf7 42. Bc2 Qxb2 43. Ba4 Qe5 44. Bxe8+ Kxe8 45. Ra2 Rh5 46. Qf4 Qd4 47. Rxa6 Qb2+ 48. Kf3 Qb3+ 49. Qe3 Qxc4 50. Rxd6 Rh2 51. Re6+ Kf7 52. Qe1 Qd3+ 53. Kg4 f5+ 54. Kf4 Re2 55. Qh1 Qe3+ 0-1

[Event "GER-ch Seniors 22nd"]
[Site "Berlin"]
[Date "2010.08.17"]
[Round "2"]
[White "Blab, Ludwig"]
[Black "Barwich, Alfred"]
[Result "0-1"]
[WhiteElo "2002"]
[BlackElo "1811"]
[PlyCount "148"]
[EventDate "2010.08.16"]
[EventType "swiss"]
[EventRounds "9"]
[EventCountry "GER"]
[SourceTitle "CBM 138 Extra"]
[Source "ChessBase"]
[SourceDate "2010.10.29"]
[SourceVersion "1"]
[SourceVersionDate "2010.10.29"]
[SourceQuality "1"]

1. c4 c6 2. Nf3 d5 3. e3 Bg4 4. d4 Nf6 5. Qc2 e6 6. c5 Qc7 7. Nbd2 Nbd7 8. b4 Bf5 9. Qc3 Ne4 10. Nxe4 Bxe4 11. Ne5 Nxe5 12. dxe5 Be7 13. f3 Bg6 14. Bb2 0-0 15. Rc1 Rad8 16. Be2 a6 17. h4 h5 18. f4 Rd7 19. Qd2 Qd8 20. g3 Be4 21. Rh2 g6 22. Qd1 Kh7 23. Bd4 b5 24. a3 Ra7 25. Ra1 Bf5 26. a4 Ra8 27. a5 Be4 28. Ra2 Kg7 29. Kd2 Rh8 30. Kc3 Rh7 31. Bd3 Qd7 32. g4 hxg4 33. Qxg4 Rh5 34. Rh3 Rah8 35. Rah2 Kf8 36. Qg3 Bxd3 37. Kxd3 Qd8 38. Qg4 Ke8 39. Qf3 Rxh4 40. Rxh4 Rxh4 41. Rxh4 Bxh4 42. Bc3 Kd7 43. Qh3 Kc7 44. Ke2 Qh8 45. Qg4 Be7 46. Be1 Qh5 47. Qxh5 gxh5 48. Kf3 Kd7 49. Bc3 Ke8 50. e4 dxe4+ 51. Kxe4 Kf8 52. f5 Bg5 53. Be1 Kg7 54. Bc3 Kh6 55. Be1 h4 56. fxe6 fxe6 57. Kf3 Kh5 58. Bc3 Bc1 59. Be1 Bb2 60. Kf4 h3 61. Kg3 Bxe5+ 62. Kxh3 Kg5 63. Kg2 Kf4 64. Kf2 Ke4 65. Ke2 Kd4 66. Kf3 Kc4 67. Ke4 Bb2 68. Bd2 Bc3 69. Be3 Bxb4 70. Ke5 Kd3 71. Bg1 Kc4 72. Kd6 Bxc5+ 73. Kxe6 b4 74. Ke5 Kd3 0-1

[Event "Berlin Lichtenberger op 9th"]
[Site "Berlin"]
[Date "2010.08.09"]
[Round "3"]
[White "Koppitz, Sebastian"]
[Black "Barwich, Alfred"]
[Result "0-1"]
[WhiteElo "1059"]
[BlackElo "1909"]
[PlyCount "50"]
[EventDate "2010.08.07"]
[EventType "swiss"]
[EventRounds "9"]
[EventCountry "GER"]
[SourceTitle "CBM 137 Extra"]
[Source "ChessBase"]
[SourceDate "2010.09.01"]
[SourceVersion "1"]
[SourceVersionDate "2010.09.01"]
[SourceQuality "1"]

1. e4 c5 2. Nf3 d6 3. d4 cxd4 4. Nxd4 Nf6 5. Nc3 a6 6. f3 e5 7. Nb3 Be6 8. Nd5 Nxd5 9. exd5 Bf5 10. Bd3 Bxd3 11. Qxd3 Nd7 12. Be3 Rc8 13. c4 Qh4+ 14. Ke2 Qxc4 15. Qxc4 Rxc4 16. Rac1 Rxc1 17. Rxc1 Be7 18. Rc8+ Bd8 19. Bg5 f6 20. Bd2 0-0 21. Na5 Bxa5 22. Rxf8+ Kxf8 23. Bxa5 Ke7 24. Kd3 f5 25. Bc3 Nb6 0-1

[Event "Berlin Lichtenberger op 9th"]
[Site "Berlin"]
[Date "2010.08.07"]
[Round "2"]
[White "Barwich, Alfred"]
[Black "Ollek, Karl Heinz"]
[Result "1-0"]
[WhiteElo "1909"]
[BlackElo "1838"]
[PlyCount "57"]
[EventDate "2010.08.07"]
[EventType "swiss"]
[EventRounds "9"]
[EventCountry "GER"]
[SourceTitle "CBM 137 Extra"]
[Source "ChessBase"]
[SourceDate "2010.09.01"]
[SourceVersion "1"]
[SourceVersionDate "2010.09.01"]
[SourceQuality "1"]

1. d4 f5 2. Bf4 Nf6 3. e3 e6 4. h3 Be7 5. Nd2 d5 6. Ngf3 0-0 7. Bd3 Ne4 8. 0-0 g5 9. Bh2 Nc6 10. Ne5 Nb4 11. Be2 c5 12. c3 Nxd2 13. Qxd2 Nc6 14. Nxc6 bxc6 15. Be5 a5 16. f4 cxd4 17. exd4 h6 18. Bd3 c5 19. Rae1 Ba6 20. Bxa6 Rxa6 21. Qe2 Rc6 22. Qh5 Kh7 23. fxg5 Bxg5 24. Re2 Qe8 25. Qxe8 Rxe8 26. dxc5 Rxc5 27. Bd4 Rc6 28. Rxf5 Kg6 29. Rxd5 1-0